Derecho usual y practica forense; texto y actividades /
Guardado en:
| Autor Principal: | |
|---|---|
| Formato: | Libro |
| Publicado: |
Argentina :
A-z,
1989
|
| Materias: | |
| Etiquetas: |
Agregar Etiqueta
Sin Etiquetas, Sea el primero en etiquetar este registro!
|
| LEADER | 00896nam a22002295a 4500 | ||
|---|---|---|---|
| 001 | CEM.cems002595 | ||
| 005 | 19000101000000.0 | ||
| 008 | 130507s1989##################000#0#####d | ||
| 003 | CEMS | ||
| 082 | 0 | 4 | |a 346 |
| 100 | 1 | |a Fraga, Norberto | |
| 245 | 1 | 0 | |a Derecho usual y practica forense; texto y actividades / |
| 260 | |a Argentina : |b A-z, |c 1989 | ||
| 300 | |a 253 p. | ||
| 505 | 0 | |a Clasificacion; Derechos reales: Concepto, Clasificacion; La familia y las relaciones juridicas; Organizacion de la Justicia Agentina: Funciones y caracteristicas; Derecho penal: Concepto y fuentes, Delitos | |
| 653 | |a Argentina-codigo civil | ||
| 653 | |a Argentina-organizacion judicia | ||
| 653 | |a Contratos | ||
| 653 | |a Derecho penal | ||
| 653 | |a Derecho usual y practica foren | ||
| 859 | |a CEMS |b BIB. CEMS - 11 de abril |h 346 |i F842 |p 15551.89 |t Ej.1 | ||
| 859 | |a CEMS |b BIB. CEMS - 11 de abril |h 346 |i F842 |p 16412.91 |t Ej.2 | ||
